| 000 | 01413cab a2200265 4500 | ||
|---|---|---|---|
| 001 | ABS45744 | ||
| 008 | 090401t1991 xxu||||| |||| 00| 0 eng d | ||
| 035 | _a(Sirsi) u54868 | ||
| 041 | _aeng | ||
| 245 | _aBillson and others v Residential Apartments Ltd | ||
| 260 | _c1991 | ||
| 350 | _a0 | ||
| 490 |
_aWeekly Law Reports _v(1991) 2 WLR 15-27(13) |
||
| 520 | _aHL 12 December 1991. The House of Lords allowed R`s appeal, reversing two earlier decisions which favoured Billson. These judgements had stated that the court has no jurisdiction to grant the tenant relief against forfeiture under the Law of Property Act 1925, once the landlord had peaceably regained possession. The grounds were that the landlord would not still be `proceeding` to enforce his right. The reversal was obtained on the argument that relief could be granted at any time before a court order had been obtained by the landlord; that the court order and not the re-entry was the point at which `proceeding` ceased. Juristiction to grant relief was thus allowed. | ||
| 650 | _aBILLSON AND OTHERS V RESIDENTIAL APARTMENTS LTD | ||
| 650 | _aBREACH OF COVENANT | ||
| 650 | _aCOVENANT AGAINST ALTERATION | ||
| 650 | _aFORFEITURE | ||
| 650 | _aLAW OF PROPERTY ACT 1925 S146 | ||
| 650 | _aPEACEABLE RE-ENTRY | ||
| 650 | _aRELIEF FROM FORFEITURE | ||
| 690 | _aLANDLORD AND TENANT-CASE LAW | ||
| 942 | _n0 | ||
| 948 | _c04/03/1997 | ||
| 999 |
_c33617 _d33617 |
||